01131nam a2200193Ia 4500001001100000003001000011008004100021040002500062041001300087100002000100245003500120250001100155260009400166300001200260500026000272501011400532520026000646650003100906L922-42522IT-CnALBA170116s9999||||xx |||||||||||||| ||und|| aIT-CnALBAcIT-CnALBA aITALIANO aMANDEL GABRIELE 0aI BORBONI DI FRANCIA. VOL. I.  a1a ed. aMILANO - VERONAbMONDADORI ARNOLDO. EDIT. c1972 [1° Ed.:1972 - Ed.Ling.Originale: 1972] a155 p.  aGRANDI FAMIGLIE D'EUROPA. REDAZIONE DI MADERA N.M. PAMPURI L. ICONOGRAFIA BIFFI A.M. INTRODUZIONE CRONACA E STORIA. ARCIMBOLDO IV A PAPA URBANO II. AIMONE II, INGANNO E FRODE. LUIGI BORBONE, PRIMO DUCA. UN VESCOVO E TRE FIGLI. LA FRANCIA E I GUISA. LUIGI  aSocietà San Paolo EM - Piazza San Paolo, 14 - 12051 ALBA (CN) (non commercial uses only) ® Copyright 2017 aGRANDI FAMIGLIE D'EUROPA. REDAZIONE DI MADERA N.M. PAMPURI L. ICONOGRAFIA BIFFI A.M. INTRODUZIONE CRONACA E STORIA. ARCIMBOLDO IV A PAPA URBANO II. AIMONE II, INGANNO E FRODE. LUIGI BORBONE, PRIMO DUCA. UN VESCOVO E TRE FIGLI. LA FRANCIA E I GUISA. LUIGI  aBIOGRAFIE, UOMINI ILLUSTRI